|
|
|
|
| LEADER |
01238nam a2200337 i 4500 |
| 001 |
830 |
| 003 |
BD-DhAAL |
| 005 |
20150920120115.0 |
| 008 |
150920s1978 cou b 000 0 eng |
| 010 |
|
|
|a 78019632
|
| 020 |
|
|
|a 0891589163
|
| 020 |
|
|
|a 0891582606 :
|c 16.50
|
| 040 |
|
|
|a DLC
|c DLC
|d MYG
|d BD-DhAAL
|
| 050 |
0 |
|
|a HD6955
|b .K87
|
| 082 |
|
|
|a 301.5/5
|
| 099 |
|
|
|a HD6955.K87
|
| 100 |
1 |
|
|a Kusterer, Kenneth C.
|9 14855
|
| 245 |
1 |
0 |
|a Know-how on the job :
|b the important working knowledge of "unskilled" workers /
|c Ken C. Kusterer.
|
| 260 |
|
|
|a Boulder, Colo. :
|b Westview Press,
|c 1978.
|
| 300 |
|
|
|a xiii, 202 p. ;
|c 24 cm.
|
| 490 |
1 |
|
|a Westview replica edition
|
| 504 |
|
|
|a Bibliography: p. 197-202.
|
| 541 |
|
|
|e 830
|
| 650 |
|
0 |
|a Industrial sociology
|v Case studies.
|9 14856
|
| 650 |
|
0 |
|a Unskilled labor
|v Case studies.
|9 14857
|
| 650 |
|
0 |
|a Industrial organization
|v Case studies.
|9 14858
|
| 650 |
|
0 |
|a Alienation (Social psychology)
|v Case studies.
|9 14859
|
| 830 |
|
0 |
|a Westview replica edition.
|9 14860
|
| 942 |
|
|
|2 ddc
|c BK
|
| 999 |
|
|
|c 35612
|d 35612
|
| 952 |
|
|
|0 0
|1 0
|2 ddc
|4 0
|6 301_500000000000000_5_KUS
|7 0
|9 55997
|a SCL
|b SCL
|c GEN
|d 2015-09-20
|e Gift: The Asia Foundation
|l 0
|o 301.55 KUS
|p 3020000830
|r 2015-09-20
|t 1
|w 2015-09-20
|y BK
|